| 000 | 00495nam a2200205Ia 4500 | ||
|---|---|---|---|
| 008 | 210210b1928 xxu||||| |||| 00| 0 eng d | ||
| 041 | _aeng | ||
| 082 | _a321/27 | ||
| 100 | _aLOW (Sir Sidney) | ||
| 245 | _aBritish constitution its growth and character | ||
| 260 |
_aLondon _bErnest Benn Limited _c1928 |
||
| 300 | _a80 | ||
| 650 | _aits | ||
| 650 | _agrowth | ||
| 650 | _aconstitution | ||
| 650 | _acharacter | ||
| 650 | _aBritish | ||
| 690 | _aPolitical Science | ||
| 906 | _a003345 | ||
| 999 |
_c121055 _d121055 |
||